| 000 | 01359nam a22003251i 4500 | ||
|---|---|---|---|
| 001 | 13344 | ||
| 003 | ES-MaACL | ||
| 005 | 20240527195129.0 | ||
| 007 | t| | ||
| 008 | 900725s1976 sp r ||||0| spa j | ||
| 016 | 7 | _zIND9100127384 | |
| 020 |
_a84-235-0314-3 : _c300 pts |
||
| 040 |
_aM-BN _bspa _cA2 |
||
| 080 | _a953(46) | ||
| 080 | _a946.51 P."09" | ||
| 100 | 1 |
_aCañada Juste, Alberto. _934718 |
|
| 245 | 1 | 3 |
_aLa campaña musulmana de Pamplona _b: año 924 / _c[por] Alberto Cañada Juste ; prólogo por Angel J. Martin Duque. |
| 260 |
_aPamplona : _bDiputación Foral de Navarra, Institución Príncipe de Viana, Consejo Superior de Investigaciones Científicas, _c1976. |
||
| 300 |
_a194 p., 6 h. con lám ; _c22 cm. |
||
| 490 | 1 |
_aColección histórica de la Institución Príncipe de Viana ; _v4 |
|
| 500 | _a"Memoria de licenciatura... leída el 18 de febrero de 1975 en la Facultad de Filosofía y Letras de la Universidad de Navarra" | ||
| 500 | _aIndice. | ||
| 650 | 1 | 4 |
_aArabes- _zPamplona- _xHistoria. _99928 |
| 651 | 4 |
_aPamplona- _xHistoria- _yS.X. _99202 |
|
| 700 | 1 |
_aMartín Duque, Angel J. _977477 |
|
| 710 | 2 |
_aInstitución Príncipe de Viana _94730 |
|
| 830 | 0 |
_aColección histórica de la Institución Príncipe de Viana ; _v4 _9179968 |
|
| 852 |
_aES-MaACL _jL-20724 _bR.119318 |
||
| 999 |
_c13344 _d13344 |
||